| 000 | 00450cam a22001577a 4500 | ||
|---|---|---|---|
| 008 | 180718b1993 xxu||||| |||| 00| 0 eng d | ||
| 020 | _a8173220034 | ||
| 082 | _aB12431x54 K152 | ||
| 100 | _aKashyap, Subhash C. | ||
| 245 |
_aDelinking religon and politics _cby Subhash C. Kashyap |
||
| 260 |
_aNew Delhi _bVimot _c1993 |
||
| 300 | _a155p. | ||
| 650 | _aIndia - Government and politics | ||
| 650 | _aRelegion - India | ||
| 650 | _aSecularism - India | ||
| 999 |
_c357003 _d357003 |
||